Text book of electrical technology in S.I. system of unit (Record no. 13522)

000 -LEADER
fixed length control field 00504nam a2200181u 4500
001 - CONTROL NUMBER
control field 13522
003 - CONTROL NUMBER IDENTIFIER
control field BD-DhUET
008 - FIXED-LENGTH DATA ELEMENTS--GENERAL INFORMATION
fixed length control field 830613s1966 ii a 000 0 eng
040 ## - CATALOGING SOURCE
Original cataloging agency DLC
Transcribing agency DLC
Modifying agency BD-DhUET
082 ## - DEWEY DECIMAL CLASSIFICATION NUMBER
Classification number 623
Item number THE/1984
100 ## - MAIN ENTRY--PERSONAL NAME
Personal name Theraja, B. L
245 12 - TITLE STATEMENT
Title Text book of electrical technology in S.I. system of unit
250 ## - EDITION STATEMENT
Edition statement 20th ed.
260 ## - PUBLICATION, DISTRIBUTION, ETC. (IMPRINT)
Place of publication, distribution, etc. New Delhi
Name of publisher, distributor, etc. Nirja construction & development
Date of publication, distribution, etc. 1984
300 ## - PHYSICAL DESCRIPTION
Extent xxii,1604p.
Other physical details illus.
650 #0 - SUBJECT ADDED ENTRY--TOPICAL TERM
Topical term or geographic name as entry element Electrical technology
942 ## - ADDED ENTRY ELEMENTS (KOHA)
Koha item type General Book
Holdings
Not for loan Sublocation or collection (holding branch) Shelving location Piece designation (barcode) Koha normalized classification for sorting Copy number Lost status Koha date last seen Withdrawn status Damaged status Koha full call number Koha item type Price effective from Location (home branch) Date acquired Source of classification or shelving scheme
 Central Library, BUETCirculation section67987623_000000000000000_THE_19841 2015-03-03  623/THE/1984General Book2015-03-03Central Library, BUET2015-03-03 
 Central Library, BUETReading section65710623_000000000000000_THE_19852 2015-06-30  623/THE/1985Reading Item2015-06-30Central Library, BUET2015-06-30